000 00523nam a2200145 a 4500
001 000044050
005 20201002045121.0
008 140514s1967 dr 000 0 spa d
040 _aDO-SdBNP
_bspa
_cBNPHU
082 _axxxxx
_bxxxxx
110 1 _aRepública Dominicana.
_bSecretaría de Estado Relaciones Exteriores.
_972034
245 1 0 _aLista diplomática /
_cSecretaría de Estado de Relaciones Exteriores.
260 _a[Santo Domingo] :
_bSecretaría de Estado Relaciones Exteriores,
_c1967.
300 _a128 p. ;
_c14 cm.
999 _c43539
_d43539